| 000 | nam a22 7a 4500 | ||
|---|---|---|---|
| 999 |
_c126866 _d126866 |
||
| 008 | 170901b xxu||||| |||| 00| 0 eng d | ||
| 050 | _aPR6070.O455 H6 | ||
| 100 |
_aToibin, Coln _935490 |
||
| 245 |
_aHouse of names _c/ Colm Toibin |
||
| 260 |
_aViking _bPenguin Books _c2017 |
||
| 300 |
_a261p. ; _c22cm. |
||
| 942 |
_2lcc _cMONOGRAPH |
||